000
00310nam a2200133Ia 4500
008
150301s2013 xx 000 0 und d
082
_a
611
_b
D13T
100
_a
TANK, PATRIEC W.
245
_a
GRANT'S DISSECTOR
260
_b
WOLTERS KLUWER
_c
2013
300
_a
305
650
_a
HUMAN ANATOMY
942
_2
ddc
_c
BK
999
_c
6750
_d
6750